| 000 | 00727nam a2200205 a 4500 | ||
|---|---|---|---|
| 001 | 000009513 | ||
| 005 | 20200929161619.0 | ||
| 008 | 090930s2002 cu 000 0 spa d | ||
| 020 | _a9590503004 | ||
| 040 | _aDO-SdBNP | ||
| 082 |
_axxxx _bS939p |
||
| 100 | 1 |
_aSuárez Vera, Diana Marjorie _924332 |
|
| 245 | 1 | 0 |
_aPersonalidad, cáncer y sobrevida / _cDiana Marjorie Suárez Vera ; prólogo Rafael Dujarric Pullés ; edición y corrección Neyda Izquierdo Ramos. |
| 260 |
_aLa Habana, Cuba : _bCientífico Técnica, _c2002. |
||
| 300 |
_a232 p. ; _c21 cm. |
||
| 504 | _aIncluye bibliografías | ||
| 700 | 1 |
_aDujarric Pullés, Rafael, _epról. _924333 |
|
| 700 | 1 |
_aIzquierdo Ramos, Neyda, _eed. y corr. _921879 |
|
| 049 | _aBNPD | ||
| 999 |
_c9273 _d9273 |
||